<?xml version="1.0" encoding="UTF-8"?>
<record
    xmlns:xsi="http://www.w3.org/2001/XMLSchema-instance"
    xsi:schemaLocation="http://www.loc.gov/MARC21/slim http://www.loc.gov/standards/marcxml/schema/MARC21slim.xsd"
    xmlns="http://www.loc.gov/MARC21/slim">

  <leader>01790nam a2200181Ia 4500</leader>
  <controlfield tag="005">20260302161543.0</controlfield>
  <controlfield tag="008">260302s9999    xx          000 0 und d</controlfield>
  <datafield tag="020" ind1=" " ind2=" ">
    <subfield code="a">9781843768210</subfield>
  </datafield>
  <datafield tag="082" ind1=" " ind2=" ">
    <subfield code="a">338.9</subfield>
    <subfield code="b">COO</subfield>
  </datafield>
  <datafield tag="100" ind1=" " ind2=" ">
    <subfield code="a">Cooke, Philip N.</subfield>
  </datafield>
  <datafield tag="245" ind1=" " ind2="0">
    <subfield code="a">Regional Economies as Knowledge Laboratories / </subfield>
    <subfield code="c">Cooke, Philip N.; Piccaluga, Andrea</subfield>
  </datafield>
  <datafield tag="260" ind1=" " ind2=" ">
    <subfield code="b">Edward Elgar Publishing, </subfield>
    <subfield code="c">2004</subfield>
  </datafield>
  <datafield tag="300" ind1=" " ind2=" ">
    <subfield code="a">280 pages</subfield>
  </datafield>
  <datafield tag="520" ind1=" " ind2=" ">
    <subfield code="a">Today, the study of regions is central to academic analysis and policy deliberation on how to respond to the rise of the knowledge economy. Regional Economies as Knowledge Laboratories illustrates how newer types of regional analysis - utilising scientometrics, knowledge services measures and university networks, and concepts such as knowledge life cycles, experimental knowledge creation, and knowledge ethics - are leading to a perception that regional economies increasingly resemble knowledge laboratories. In addition to these measures and concepts, the book features case studies and assessments of policies implemented to facilitate regional engagement with the knowledge economy, and a critique of 'knowledge economy' as ideology. The importance of maintaining a balanced perspective in assessing the depth and reach of the role of knowledge in the market economy is also examined. Aiming to contribute to the better understanding of theories and practices associated with knowledge regions, this bookwill appeal to a wide ranging audience, including regional and industrial economists, innovation scientists, academics and practitioners with an interest in knowledge and management organisation, regional scientists, economic geographers, and economic sociologists.</subfield>
  </datafield>
  <datafield tag="650" ind1=" " ind2=" ">
    <subfield code="a">Business &amp; Economics</subfield>
  </datafield>
  <datafield tag="700" ind1=" " ind2=" ">
    <subfield code="a">Piccaluga, Andrea</subfield>
  </datafield>
  <datafield tag="942" ind1=" " ind2=" ">
    <subfield code="c">ENGLISH</subfield>
  </datafield>
  <datafield tag="999" ind1=" " ind2=" ">
    <subfield code="c">616674</subfield>
    <subfield code="d">616674</subfield>
  </datafield>
  <datafield tag="952" ind1=" " ind2=" ">
    <subfield code="0">0</subfield>
    <subfield code="1">0</subfield>
    <subfield code="4">0</subfield>
    <subfield code="7">0</subfield>
    <subfield code="a">ACL</subfield>
    <subfield code="b">ACL</subfield>
    <subfield code="c">4A</subfield>
    <subfield code="d">2026-03-02</subfield>
    <subfield code="l">0</subfield>
    <subfield code="o">338.9 COO</subfield>
    <subfield code="p">343451</subfield>
    <subfield code="r">2026-03-02 16:15:43</subfield>
    <subfield code="w">2026-03-02</subfield>
    <subfield code="y">ENGLISH</subfield>
  </datafield>
</record>
